|
|
|
|
| LEADER |
00000nkm a2200000 a 4500 |
| 001 |
vtls012073204 |
| 003 |
SK-MaSNL |
| 005 |
20260331212127.0 |
| 007 |
kf co |
| 008 |
211013s1988 xo g 0kuslo |
| 015 |
|
|
|a SNBG1988
|
| 040 |
|
|
|a SNK
|b slo
|c SNK
|e AACR2
|
| 041 |
0 |
|
|a slo
|
| 043 |
|
|
|a e-xo---
|
| 044 |
|
|
|a xo
|c SK
|
| 072 |
|
7 |
|a 913
|x Regionálna geografia
|2 konspekt
|
| 080 |
|
|
|a 913(437.6)
|2 2011
|
| 080 |
|
|
|a 908(437.6)
|2 2011
|
| 080 |
|
|
|a (084.121)
|2 2011
|
| 080 |
|
|
|a 711.455:615.838
|2 2011
|
| 080 |
|
|
|a 725.1:615.838
|2 2011
|
| 080 |
|
|
|a 712.253
|2 2011
|
| 080 |
|
|
|a 725.1:613.47-026.912
|2 2011
|
| 080 |
|
|
|a 730
|2 2011
|
| 080 |
|
|
|a 556.53
|2 2011
|
| 080 |
|
|
|a 502.51
|2 2011
|
| 080 |
|
|
|a (282.243)
|2 2011
|
| 100 |
1 |
|
|a Jurisa, Eugen,
|d 1908-1994
|4 pht
|9 7598
|
| 245 |
1 |
0 |
|a Piešťany
|h grafika
|b Liečebný dom Thermia Palace : Kúpalisko Eva : park : Barlolamač
|c foto: E. Jurisa, I. Ondrejkovič ; výtvarný návrh: M. Menclová
|
| 246 |
1 |
|
|i Názov na obrazovej časti:
|a Piešťany
|
| 260 |
|
|
|a Bratislava
|b ČSTK-Pressfoto
|c 1988
|e Skalica
|f Grafobal
|
| 300 |
|
|
|a 1 pohľadnica (4 čiastkové pohľady)
|b farebná
|c 11 x 15 cm
|
| 520 |
8 |
|
|a Zobrazenie: Štyri čiastkové pohľady, každý v bielom orámovaní, všetky spolu v striebornom orámovaní. Vpravo dole je pod pohľadmi vodorovne bielym písmom názov na šedom podklade v bielom orámovaní. Pohľad na liečebné domy Irma (vľavo v popredí) a Thermia Palace (vľavo v pozadí). V popredí je kvetinový záhon, vľavo krík. Vľavo a vpravo pred budovou na ceste parkujú osobné autá. Vpravo za nimi sú rôzne vysoké stromy, prevažne ihličnaté. Vľavo v pozadí je pred budovou vidno vysoký strom a pred ním nižší, so širokou korunou. Pohľad na kúpalisko Eva. V popredí sú na trávnatej ploche slniaci sa ľudia na osuškách. Vpravo v pozadí vidno niekoľko ľudí v bazéne. Sprava je nad ním most, z ktorého trčí nad bazénom skokanský mostík. Vľavo v pozadí za bazénom vidno budovu kúpaliska. Vľavo a vpravo od nej sú listnaté stromy. Vpravo v pozadí sú rôzne husté a vysoké listnaté stromy. Vľavo pred bazénom vidno vysokú exteriérovú lampu. Vľavo hore zasahujú do záberu konáre bez lístia. Pohľad na sochy v parku na trávnatej ploche. V popredí sú biele kvety. V pozadí sú husté stromy. Pohľad na sochu Barlolámača vpravo. Vpravo pod ním sú na schodoch dva kvetináče s kvetmi. Vľavo za ním vidno za zábradlím vedľa chodníka rieku Váh. Na jej brehu v pozadí je za trávnatým valom rad hustých listnatých stromov
|
| 610 |
2 |
7 |
|a Thermia Palace (Piešťany, Slovensko)
|2 SNKKA
|9 283320
|
| 610 |
2 |
7 |
|a Irma (kúpeľný dom : Piešťany, Slovensko)
|2 SNKKA
|9 283319
|
| 610 |
2 |
7 |
|a Kúpalisko Eva (Piešťany, Slovensko)
|2 SNKKA
|9 343704
|
| 650 |
0 |
7 |
|a kúpele
|2 SNKPH
|9 1139
|
| 650 |
0 |
7 |
|a kúpeľné budovy
|2 SNKPH
|9 102104
|
| 650 |
0 |
7 |
|a parky
|2 SNKPH
|9 2942
|
| 650 |
0 |
7 |
|a kúpaliská
|2 SNKPH
|9 4394
|
| 650 |
0 |
7 |
|a bazény
|2 SNKPH
|9 30214
|
| 650 |
0 |
7 |
|a sochy
|2 SNKPH
|9 29846
|
| 650 |
0 |
7 |
|a rieky
|2 SNKPH
|9 29644
|
| 650 |
0 |
7 |
|a Barlolámač (socha)
|2 SNKPH
|9 147464
|
| 651 |
|
7 |
|a Piešťany (Slovensko)
|2 SNKPHgeo
|9 23981
|
| 651 |
|
7 |
|a Váh (Slovensko : rieka)
|2 SNKPHgeo
|9 59387
|
| 655 |
|
7 |
|a geografické pohľadnice
|2 SNKPH
|9 70522
|
| 655 |
|
7 |
|a miestne pohľadnice
|2 SNKPH
|9 70510
|
| 700 |
1 |
|
|a Ondrejkovič, Ivan,
|d 1935-1998
|4 pht
|9 7599
|
| 700 |
1 |
|
|a Menclová, Milica
|c (grafička)
|4 art
|9 283289
|
| 958 |
|
|
|a GBN
|
| 958 |
|
|
|a GC
|
| 958 |
|
|
|a OND
|
| 999 |
|
|
|c 613192
|d 615122
|
| 952 |
|
|
|a SNK
|b SNK
|y PREZ
|7 0
|p 17A1289757
|o snkSP 140675
|i snk671/89
|0 0
|1 0
|4 0
|d 2021-10-13
|f 1
|l 0
|r 2026-02-23 16:29:39
|w 2026-02-23
|
| 952 |
|
|
|a SNK
|b SNK
|y PREZ
|7 0
|p 17A1289756
|o snkSP 140675 D1
|i snk672/89
|0 0
|1 0
|4 0
|d 2021-10-13
|l 0
|r 2026-02-23 16:29:39
|w 2026-02-23
|